00401nam a2200157Ia 4500008004100000020001800041041001200059082001100071100001500082245006300097250000800160260003700168300000800205650001500213700001500228221030s9999 xx 000 0 und d a9788125911623 aEnglish a105.23 aP. K. Sahu 0aSalesmanship & Sales Managementcby P. K. Sahu, K. C. Raut a3rd bVikas Pub HouseaNew Delhic2010 a322 aManagement aK. C. Raut